[Event "BL2 Ost 1920 (Women)"]
[Site "Germany"]
[Date "2020.02.15"]
[Round "6.4"]
[White "Lobe, Sandra"]
[Black "Mai, Iris"]
[Result "1/2-1/2"]
[WhiteElo "1787"]
[BlackElo "2043"]
[PlyCount "66"]
[EventDate "2019.09.14"]
[EventType "team-tourn"]
[EventRounds "7"]
[EventCountry "GER"]
[SourceTitle "EXT 2021"]
[Source "ChessBase"]
[SourceDate "2020.10.23"]
[SourceVersion "1"]
[SourceVersionDate "2020.10.23"]
[SourceQuality "1"]
[WhiteTeam "Leipzig SG (W)"]
[BlackTeam "Pankow Rotation (W)"]
[WhiteTeamCountry "GER"]
[BlackTeamCountry "GER"]

1. e4 c5 2. Nf3 e6 3. d3 b6 4. g3 Bb7 5. Bg2 Nc6 6. 0-0 Nge7 7. Nbd2 d5 8. Re1 d4 9. a4 Qc7 10. Nc4 e5 11. Nh4 Rd8 12. f4 Ng6 13. Nxg6 hxg6 14. Rf1 Bd6 15. f5 gxf5 16. Rxf5 Bc8 17. Rh5 Ke7 18. Qf3 Be6 19. Bd2 Qc8 20. Rf1 f6 21. Rf5 Bxf5 22. exf5 Nb4 23. c3 Nc2 24. Qg4 Kf8 25. Qd1 Ne3 26. Bxe3 dxe3 27. Nxe3 c4 28. Nxc4 Bc5+ 29. Kh1 a5 30. Be4 Qc7 31. Qe2 Rh6 32. Nd2 Qd7 33. b3 Qc7 1/2-1/2

[Event "Mittelrhein Verbandsliga-W 18/19"]
[Site "Nordrheinwestfalen"]
[Date "2019.04.07"]
[Round "9.5"]
[White "Lobe, Sandra"]
[Black "Baldus, Alexander"]
[Result "0-1"]
[WhiteElo "1774"]
[BlackElo "1811"]
[PlyCount "72"]
[EventDate "2018.09.02"]
[EventType "team-tourn"]
[EventRounds "11"]
[EventCountry "GER"]
[SourceTitle "EXT 2022"]
[Source "ChessBase"]
[SourceDate "2021.10.06"]
[SourceVersion "1"]
[SourceVersionDate "2021.10.06"]
[SourceQuality "1"]
[WhiteTeam "Kerpen SK"]
[BlackTeam "Pulheim"]
[WhiteTeamCountry "GER"]
[BlackTeamCountry "GER"]

1. e4 c5 2. Nf3 d6 3. d3 Nc6 4. g3 g6 5. Bg2 Bg7 6. 0-0 Nf6 7. c3 0-0 8. Qe2 Qc7 9. Re1 Rd8 10. Nbd2 Rb8 11. a4 a6 12. Ra3 b5 13. axb5 axb5 14. Nf1 b4 15. Ra4 Bd7 16. Ra6 Rb6 17. Rxb6 Qxb6 18. Bd2 Qa6 19. Ne3 Qa2 20. Nd1 Ng4 21. h3 Nge5 22. Nxe5 Bxe5 23. Be3 Rb8 24. f4 Bg7 25. e5 bxc3 26. bxc3 Qxe2 27. Rxe2 Rb1 28. Re1 dxe5 29. Kf2 exf4 30. Bxc5 fxg3+ 31. Ke2 e6 32. d4 Na5 33. Be4 Ra1 34. Bd6 Bb5+ 35. Ke3 Nc4+ 36. Kf3 Nxd6 0-1

[Event "Mittelrhein Verbandsliga-W 18/19"]
[Site "Nordrheinwestfalen"]
[Date "2018.10.28"]
[Round "3.5"]
[White "Lobe, Sandra"]
[Black "Smit, Arjan"]
[Result "1/2-1/2"]
[WhiteElo "1825"]
[BlackElo "1984"]
[PlyCount "91"]
[EventDate "2018.09.02"]
[EventType "team-tourn"]
[EventRounds "11"]
[EventCountry "GER"]
[SourceTitle "EXT 2022"]
[Source "ChessBase"]
[SourceDate "2021.10.06"]
[SourceVersion "1"]
[SourceVersionDate "2021.10.06"]
[SourceQuality "1"]
[WhiteTeam "Kerpen SK"]
[BlackTeam "Herzogenrath"]
[WhiteTeamCountry "GER"]
[BlackTeamCountry "GER"]

1. e4 e6 2. d3 c5 3. Nf3 Nc6 4. g3 d5 5. Nbd2 Nf6 6. Bg2 Be7 7. 0-0 0-0 8. Re1 Qc7 9. Qe2 dxe4 10. dxe4 e5 11. c3 a6 12. a4 Rb8 13. Nc4 Bg4 14. Ne3 Be6 15. Ng5 Bb3 16. Nd5 Nxd5 17. exd5 Bxg5 18. Bxg5 Na5 19. Bd2 Nc4 20. Qd3 Qd7 21. Re4 b5 22. axb5 axb5 23. Rh4 f5 24. d6 e4 25. Qd5+ Qf7 26. Qxf7+ Rxf7 27. Bf4 Rd7 28. Bh3 g6 29. g4 Rf7 30. gxf5 gxf5 31. Rh5 Rg7+ 32. Rg5 Rxg5+ 33. Bxg5 Nxd6 34. Bf4 Rd8 35. Bxd6 Rxd6 36. Bxf5 Rd2 37. Bxe4 Rxb2 38. Ra8+ Kg7 39. Ra7+ Kf6 40. Rxh7 b4 41. cxb4 cxb4 42. Rb7 Be6 43. Kf1 Bc4+ 44. Kg1 b3 45. h4 Bf7 46. Rb4 1/2-1/2

[Event "Mittelrhein Verbandsliga-W 17/18"]
[Site "Nordrheinwestfalen"]
[Date "2018.03.18"]
[Round "9.8"]
[White "Lobe, Sandra"]
[Black "Leyens, Klaus"]
[Result "1/2-1/2"]
[WhiteElo "1780"]
[BlackElo "1597"]
[PlyCount "44"]
[EventDate "2017.09.10"]
[EventType "team-tourn"]
[EventRounds "11"]
[EventCountry "GER"]
[SourceTitle "EXT 2022"]
[Source "ChessBase"]
[SourceDate "2021.10.06"]
[SourceVersion "1"]
[SourceVersionDate "2021.10.06"]
[SourceQuality "1"]
[WhiteTeam "Kerpen SK"]
[BlackTeam "Dueren Derichsweiler"]
[WhiteTeamCountry "GER"]
[BlackTeamCountry "GER"]

1. Nf3 d5 2. g3 Nf6 3. Bg2 c6 4. d3 e6 5. Nbd2 Bb4 6. 0-0 0-0 7. e4 h6 8. Qe2 Re8 9. e5 Nfd7 10. h4 c5 11. c4 Nc6 12. Nb3 Qc7 13. a3 Ba5 14. Nxa5 Qxa5 15. Bf4 Qd8 16. Rfe1 Nb6 17. Rad1 Ne7 18. b4 Nd7 19. h5 b6 20. Nh4 Bb7 21. Qg4 Kh7 22. Qe2 Rb8 1/2-1/2

[Event "Mittelrhein Verbandsliga-W 17/18"]
[Site "Nordrheinwestfalen"]
[Date "2018.02.25"]
[Round "8.7"]
[White "Lobe, Sandra"]
[Black "Huppertz, Franz Josef"]
[Result "1-0"]
[WhiteElo "1780"]
[BlackElo "1699"]
[PlyCount "87"]
[EventDate "2017.09.10"]
[EventType "team-tourn"]
[EventRounds "11"]
[EventCountry "GER"]
[SourceTitle "EXT 2022"]
[Source "ChessBase"]
[SourceDate "2021.10.06"]
[SourceVersion "1"]
[SourceVersionDate "2021.10.06"]
[SourceQuality "1"]
[WhiteTeam "Kerpen SK"]
[BlackTeam "Eschweiler SC"]
[WhiteTeamCountry "GER"]
[BlackTeamCountry "GER"]

1. e4 d6 2. d4 Nf6 3. Nc3 g6 4. Be3 Bg7 5. Qd2 Ng4 6. Bg5 h6 7. Bh4 g5 8. Bg3 e5 9. d5 f5 10. exf5 Bxf5 11. f3 Nf6 12. Bd3 Bxd3 13. Qxd3 0-0 14. Nge2 Nbd7 15. Bf2 a6 16. Ng3 Qe8 17. Nce4 Qf7 18. 0-0-0 Rac8 19. Kb1 Nh5 20. Nxh5 Qxh5 21. Be3 g4 22. Ng3 Qh4 23. Nf5 Qf6 24. Nxg7 Qxg7 25. fxg4 Nf6 26. h3 c6 27. dxc6 Rxc6 28. Rhf1 Rfc8 29. Rf2 d5 30. Rdf1 d4 31. Bc1 Rb6 32. Qf5 Re8 33. g5 hxg5 34. Bxg5 Nh7 35. Bh4 Rf8 36. Qe4 Rxf2 37. Rxf2 Rb5 38. Qf5 e4 39. Qe6+ Kh8 40. Qe8+ Qg8 41. Qxe4 Rd5 42. a3 Rd7 43. Qe5+ Qg7 44. Qe8+ 1-0

[Event "Mittelrhein Verbandsliga-W 17/18"]
[Site "Nordrheinwestfalen"]
[Date "2018.02.04"]
[Round "7.8"]
[White "Lobe, Sandra"]
[Black "Gillessen, Horst"]
[Result "1/2-1/2"]
[WhiteElo "1792"]
[BlackElo "1832"]
[PlyCount "65"]
[EventDate "2017.09.10"]
[EventType "team-tourn"]
[EventRounds "11"]
[EventCountry "GER"]
[SourceTitle "EXT 2022"]
[Source "ChessBase"]
[SourceDate "2021.10.06"]
[SourceVersion "1"]
[SourceVersionDate "2021.10.06"]
[SourceQuality "1"]
[WhiteTeam "Kerpen SK"]
[BlackTeam "Herzogenrath"]
[WhiteTeamCountry "GER"]
[BlackTeamCountry "GER"]

1. Nf3 d5 2. d3 Nf6 3. Nbd2 Nc6 4. g3 e5 5. e4 dxe4 6. dxe4 Bd6 7. Bg2 0-0 8. 0-0 Bg4 9. c3 Qe7 10. Qc2 Rad8 11. Nc4 b5 12. Nxd6 Rxd6 13. Be3 Nd7 14. Nh4 a6 15. Nf5 Bxf5 16. exf5 Rd8 17. Rfe1 Qf6 18. h4 h6 19. a4 Ne7 20. axb5 axb5 21. Be4 Nd5 22. Bxd5 Rxd5 23. c4 Qc6 24. Rec1 bxc4 25. Qxc4 Qxc4 26. Rxc4 c5 27. Rac1 Rb8 28. R1c2 f6 29. Kg2 Kf7 30. Kf3 Ke7 31. Ke4 Kd6 32. h5 Rb5 33. Ra4 1/2-1/2

[Event "BL2 Ost 1718 (Women)"]
[Site "Germany"]
[Date "2017.10.15"]
[Round "2.5"]
[White "Puehrer, Anne"]
[Black "Lobe, Sandra"]
[Result "1/2-1/2"]
[WhiteElo "1687"]
[BlackElo "1814"]
[PlyCount "73"]
[EventDate "2017.10.14"]
[EventType "team-tourn"]
[EventRounds "7"]
[EventCountry "GER"]
[SourceTitle "EXT 2019"]
[Source "ChessBase"]
[SourceDate "2018.10.10"]
[SourceVersion "1"]
[SourceVersionDate "2018.10.10"]
[SourceQuality "1"]
[WhiteTeam "Coswig TuS (W)"]
[BlackTeam "Leipzig SG (W)"]
[WhiteTeamCountry "GER"]
[BlackTeamCountry "GER"]

1. e4 d6 2. d4 Nf6 3. Nc3 g6 4. f4 Bg7 5. Nf3 0-0 6. h3 c6 7. Be3 b5 8. e5 Ne8 9. g4 Qc7 10. Qd2 f6 11. exd6 Nxd6 12. Bd3 Nf7 13. f5 Qg3+ 14. Qf2 Qxf2+ 15. Kxf2 g5 16. Ne4 Na6 17. c3 Rb8 18. b4 Nc7 19. a4 a6 20. Nc5 Nd5 21. Bd2 Re8 22. Rhe1 Nd6 23. axb5 axb5 24. Ne4 Nxe4+ 25. Rxe4 e6 26. c4 Nc7 27. cxb5 cxb5 28. fxe6 Bxe6 29. Ree1 Bf8 30. Rec1 Nd5 31. Rab1 Rec8 32. Rxc8 Bxc8 33. Ne1 Bd6 34. Kf3 h5 35. Ng2 hxg4+ 36. hxg4 Bd7 37. Ne3 1/2-1/2

[Event "BL2 Ost 1718 (Women)"]
[Site "Germany"]
[Date "2017.10.14"]
[Round "1.6"]
[White "Klemke, Kassandra"]
[Black "Lobe, Sandra"]
[Result "1-0"]
[WhiteElo "1371"]
[BlackElo "1814"]
[PlyCount "81"]
[EventDate "2017.10.14"]
[EventType "team-tourn"]
[EventRounds "7"]
[EventCountry "GER"]
[SourceTitle "EXT 2019"]
[Source "ChessBase"]
[SourceDate "2018.10.10"]
[SourceVersion "1"]
[SourceVersionDate "2018.10.10"]
[SourceQuality "1"]
[WhiteTeam "Dresden USV TU (W)"]
[BlackTeam "Leipzig SG (W)"]
[WhiteTeamCountry "GER"]
[BlackTeamCountry "GER"]

1. e4 d6 2. d4 Nf6 3. Nc3 g6 4. f4 Bg7 5. Nf3 0-0 6. Be2 c6 7. e5 dxe5 8. dxe5 Qxd1+ 9. Bxd1 Nd5 10. Nxd5 cxd5 11. 0-0 Nc6 12. c3 Rd8 13. Be3 b6 14. Bc2 Ba6 15. Rfd1 Rac8 16. Bd3 Bb7 17. Rac1 e6 18. Nd4 Nxd4 19. Bxd4 Bf8 20. Be2 Bc5 21. h3 Rc7 22. Rd2 Rdc8 23. Rcd1 h6 24. Kh2 Kf8 25. g4 Bxd4 26. Rxd4 Rc5 27. Rf1 Kg7 28. f5 Rf8 29. Bd3 g5 30. Kg3 Ra5 31. f6+ Kg8 32. Bb1 Ba6 33. Rh1 Rc8 34. a3 Rb5 35. Rb4 Rbc5 36. h4 Rc4 37. hxg5 hxg5 38. Rh5 d4 39. Rxg5+ Kf8 40. Rh5 Kg8 41. Bh7+ 1-0

[Event "Mittelrhein Verbandsliga-W 17/18"]
[Site "Nordrheinwestfalen"]
[Date "2017.10.01"]
[Round "2.6"]
[White "Lobe, Sandra"]
[Black "Pohlmann, Burkhard"]
[Result "1-0"]
[WhiteElo "1810"]
[BlackElo "1682"]
[PlyCount "105"]
[EventDate "2017.09.10"]
[EventType "team-tourn"]
[EventRounds "11"]
[EventCountry "GER"]
[SourceTitle "EXT 2022"]
[Source "ChessBase"]
[SourceDate "2021.10.06"]
[SourceVersion "1"]
[SourceVersionDate "2021.10.06"]
[SourceQuality "1"]
[WhiteTeam "Kerpen SK"]
[BlackTeam "Aachen SV III"]
[WhiteTeamCountry "GER"]
[BlackTeamCountry "GER"]

1. e4 c5 2. Nf3 d6 3. d3 Nf6 4. Nbd2 g6 5. g3 Bg7 6. Bg2 0-0 7. 0-0 Nc6 8. Re1 Qc7 9. a4 b6 10. Nc4 Bb7 11. c3 Nd7 12. Ne3 e6 13. Ng4 Nce5 14. Ngxe5 Nxe5 15. Nxe5 Bxe5 16. d4 cxd4 17. cxd4 Bg7 18. Bf4 Qd7 19. Bf1 a6 20. Qd2 Rfc8 21. Qb4 e5 22. dxe5 dxe5 23. Rad1 Qc7 24. Be3 Bf8 25. Qxb6 Qxb6 26. Bxb6 Rc2 27. b3 Bb4 28. Re3 Rac8 29. Bc4 Rc3 30. Rxc3 Bxc3 31. f3 Rc6 32. Be3 Bc8 33. Rd8+ Kg7 34. Bd5 Ba5 35. Bxc6 Bxd8 36. b4 Kf6 37. Kf2 Ke7 38. Bc5+ Ke6 39. Bd5+ Kf6 40. Ke3 Bd7 41. Bc4 Bxa4 42. Bxa6 Be7 43. f4 Bxc5+ 44. bxc5 Bc6 45. Bc4 exf4+ 46. gxf4 Bd7 47. Kd4 Ke7 48. Bd5 f6 49. c6 Bc8 50. Kc5 g5 51. f5 h5 52. Kb6 Kd8 53. c7+ 1-0

[Event "Mittelrhein Verbandsliga-W 16/17"]
[Site "Nordrheinwestfalen"]
[Date "2017.02.19"]
[Round "8.7"]
[White "Lobe, Sandra"]
[Black "Hueskens, Gerd"]
[Result "1/2-1/2"]
[WhiteElo "1737"]
[BlackElo "1754"]
[PlyCount "96"]
[EventDate "2016.09.11"]
[EventType "team-tourn"]
[EventRounds "11"]
[EventCountry "GER"]
[SourceTitle "EXT 2022"]
[Source "ChessBase"]
[SourceDate "2021.10.06"]
[SourceVersion "1"]
[SourceVersionDate "2021.10.06"]
[SourceQuality "1"]
[WhiteTeam "Kerpen SK"]
[BlackTeam "Eschweiler SC"]
[WhiteTeamCountry "GER"]
[BlackTeamCountry "GER"]

1. Nf3 Nf6 2. g3 g6 3. Bg2 Bg7 4. 0-0 0-0 5. d3 d6 6. e4 Nc6 7. Nbd2 e5 8. a4 h6 9. Nc4 Be6 10. c3 Qc8 11. Qe2 Re8 12. Re1 Bg4 13. Ne3 Be6 14. Nc4 Bg4 15. Ne3 Bh3 16. Nh4 Bxg2 17. Kxg2 Kh7 18. b4 Ne7 19. Bb2 Qd7 20. Nc4 Nh5 21. Ne3 Nf6 22. Nc4 Neg8 23. Qf3 Re7 24. Ne3 c6 25. Rad1 d5 26. Nc2 Rae8 27. Qe2 Nh5 28. Nf5 Nf4+ 29. gxf4 gxf5 30. fxe5 Bxe5 31. d4 Bf4 32. e5 f6 33. Bc1 fxe5 34. Bxf4 exf4 35. Qf3 Re4 36. Rxe4 Rxe4 37. Ne1 Qg7+ 38. Kf1 Qg4 39. Rd3 Ne7 40. h3 Qg5 41. Qd1 Ng6 42. Nf3 Qe7 43. Qc1 Kg7 44. Ne1 b6 45. Ng2 Qg5 46. Rf3 Qh5 47. Qd1 Kf6 48. Kg1 Nh4 1/2-1/2

[Event "Mittelrhein Verbandsliga-W 16/17"]
[Site "Nordrheinwestfalen"]
[Date "2016.11.27"]
[Round "4.8"]
[White "Bausch, Bernd"]
[Black "Lobe, Sandra"]
[Result "1/2-1/2"]
[WhiteElo "1758"]
[BlackElo "1737"]
[PlyCount "84"]
[EventDate "2016.09.11"]
[EventType "team-tourn"]
[EventRounds "11"]
[EventCountry "GER"]
[SourceTitle "EXT 2022"]
[Source "ChessBase"]
[SourceDate "2021.10.06"]
[SourceVersion "1"]
[SourceVersionDate "2021.10.06"]
[SourceQuality "1"]
[WhiteTeam "Lendersdorf"]
[BlackTeam "Kerpen SK"]
[WhiteTeamCountry "GER"]
[BlackTeamCountry "GER"]

1. e4 d6 2. d4 Nf6 3. Nc3 g6 4. Nf3 Bg7 5. Be2 0-0 6. 0-0 c6 7. a4 Qc7 8. h3 e5 9. Be3 Nbd7 10. dxe5 dxe5 11. Bc4 b6 12. Qe2 Nc5 13. Bxc5 bxc5 14. Qe3 Qe7 15. Rad1 a5 16. Rd3 Ba6 17. Bxa6 Rxa6 18. Nd2 Ne8 19. Nc4 Nc7 20. Rfd1 Ne6 21. Nb1 Qh4 22. Nd6 Bh6 23. Qg3 Qxg3 24. fxg3 Rb8 25. b3 Nd4 26. Nc4 Re8 27. Nba3 f5 28. Re1 Bg7 29. Rdd1 Ra7 30. Rb1 fxe4 31. Rxe4 Kf7 32. Nd6+ Ke7 33. Nxe8 Kxe8 34. c3 Nf5 35. Rc4 Kd7 36. Rd1+ Kc7 37. Rxc5 Bf8 38. Rxe5 Bxa3 39. Rd3 Bd6 40. Re8 Bxg3 41. Rf8 Be5 42. Rf7+ Kb6 1/2-1/2

[Event "Mittelrhein Verbandsliga-W 16/17"]
[Site "Nordrheinwestfalen"]
[Date "2016.09.11"]
[Round "1.8"]
[White "Vagner, Fabian"]
[Black "Lobe, Sandra"]
[Result "1-0"]
[WhiteElo "1831"]
[BlackElo "1750"]
[PlyCount "65"]
[EventDate "2016.09.11"]
[EventType "team-tourn"]
[EventRounds "11"]
[EventCountry "GER"]
[SourceTitle "EXT 2022"]
[Source "ChessBase"]
[SourceDate "2021.10.06"]
[SourceVersion "1"]
[SourceVersionDate "2021.10.06"]
[SourceQuality "1"]
[WhiteTeam "Alsdorf SVG"]
[BlackTeam "Kerpen SK"]
[WhiteTeamCountry "GER"]
[BlackTeamCountry "GER"]

1. d4 Nf6 2. Nf3 g6 3. c4 d6 4. Nc3 Bg7 5. h3 0-0 6. e4 e5 7. dxe5 dxe5 8. Bg5 Qxd1+ 9. Rxd1 Nc6 10. Be2 Nh5 11. Nd5 Nf4 12. Nxc7 Rb8 13. Bf1 f5 14. c5 fxe4 15. Bxf4 exf4 16. Ng5 Be5 17. Bc4+ Kh8 18. Nce6 Bxe6 19. Nxe6 Rfe8 20. 0-0 Bxb2 21. Nxf4 e3 22. fxe3 Rxe3 23. Nd5 Re4 24. Bb3 Bd4+ 25. Kh1 Bxc5 26. Nf6 Rd4 27. Nd7 Rc8 28. Nxc5 Rb4 29. Nd3 Re4 30. Nf2 Re2 31. Ng4 Na5 32. Rd7 Rce8 33. Rff7 1-0

[Event "BL2 Ost 1213 (Women)"]
[Site "Germany"]
[Date "2013.03.10"]
[Round "7.5"]
[White "Riemer Nlula, Marion"]
[Black "Lobe, Sandra"]
[Result "1-0"]
[WhiteElo "1961"]
[BlackElo "1734"]
[PlyCount "59"]
[EventDate "2012.10.06"]
[EventType "team-tourn"]
[EventRounds "7"]
[EventCountry "GER"]
[SourceTitle "EXT 2018"]
[Source "ChessBase"]
[SourceDate "2017.10.13"]
[SourceVersion "1"]
[SourceVersionDate "2017.10.13"]
[SourceQuality "1"]
[WhiteTeam "Zeulenroda (W)"]
[BlackTeam "Leipzig Schachgemeinschaft (W)"]
[WhiteTeamCountry "GER"]
[BlackTeamCountry "GER"]

1. e4 d6 2. d4 Nf6 3. Bd3 Nbd7 4. f4 e5 5. Nf3 Qe7 6. 0-0 g6 7. c3 Bg7 8. Na3 0-0 9. fxe5 dxe5 10. Nc4 exd4 11. e5 Nd5 12. cxd4 N7b6 13. Bg5 Qe6 14. Qd2 h5 15. Bh6 Bd7 16. Rf2 Ne7 17. Bxg7 Kxg7 18. Ng5 Qc6 19. Rc1 f5 20. exf6+ Rxf6 21. Rxf6 Qxf6 22. Ne5 Nc6 23. Rf1 Bf5 24. Bxf5 gxf5 25. Nxc6 bxc6 26. Ne4 Qe7 27. Rxf5 Qxe4 28. Qg5+ Kh8 29. Qxh5+ Kg8 30. Qg6+ 1-0

[Event "BL2 Ost 1213 (Women)"]
[Site "Germany"]
[Date "2012.10.06"]
[Round "1.6"]
[White "Scholz, Jutta"]
[Black "Lobe, Sandra"]
[Result "0-1"]
[WhiteElo "1411"]
[BlackElo "1734"]
[PlyCount "62"]
[EventDate "2012.10.06"]
[EventType "team-tourn"]
[EventRounds "7"]
[EventCountry "GER"]
[SourceTitle "EXT 2018"]
[Source "ChessBase"]
[SourceDate "2017.10.13"]
[SourceVersion "1"]
[SourceVersionDate "2017.10.13"]
[SourceQuality "1"]
[WhiteTeam "Potsdam USV (W)"]
[BlackTeam "Leipzig Schachgemeinschaft (W)"]
[WhiteTeamCountry "GER"]
[BlackTeamCountry "GER"]

1. e4 d6 2. Nc3 Nf6 3. g3 g6 4. Bg2 Bg7 5. d3 c6 6. Nge2 Qc7 7. 0-0 e5 8. a4 a5 9. Rb1 Na6 10. Bd2 0-0 11. Qc1 Be6 12. f4 exf4 13. Nxf4 b5 14. axb5 cxb5 15. e5 dxe5 16. Bxa8 exf4 17. Bxf4 Qa7+ 18. Be3 Qxa8 19. Nxb5 Bh3 20. Rf2 Ng4 21. Qd2 Nxf2 22. Qxf2 Qd5 23. Na3 Re8 24. Nc4 Nb4 25. Bb6 Nc6 26. Be3 Bd4 27. Re1 Bxe3 28. Nxe3 Qd7 29. Re2 Nd4 30. Rd2 Qb7 31. Nc4 Nf3+ 0-1

[Event "Leipzig VfB op 16th"]
[Site "Leipzig"]
[Date "2009.04.04"]
[Round "8"]
[White "Baumert, Andre"]
[Black "Lobe, Sandra"]
[Result "1/2-1/2"]
[WhiteElo "1899"]
[BlackElo "1722"]
[PlyCount "60"]
[EventDate "2009.03.31"]
[EventType "swiss"]
[EventRounds "9"]
[EventCountry "GER"]
[SourceTitle "EXT 2010"]
[Source "ChessBase"]
[SourceDate "2010.11.25"]
[SourceVersion "1"]
[SourceVersionDate "2010.11.25"]
[SourceQuality "1"]

1. b3 Nf6 2. c4 d6 3. Bb2 e5 4. d3 Nbd7 5. g3 g6 6. Bg2 Bg7 7. e3 0-0 8. Ne2 c6 9. 0-0 Re8 10. Nd2 Qe7 11. Rc1 Nc5 12. Nf3 e4 13. dxe4 Ncxe4 14. Nc3 Bf5 15. Qe2 Nc5 16. Rfd1 a5 17. h3 Rad8 18. Nd4 Bd7 19. a3 Bh6 20. Kh2 Bg7 21. b4 axb4 22. axb4 Ne6 23. Nb3 h5 24. Na5 Bc8 25. b5 cxb5 26. Nxb5 Nc5 27. Nc3 Qc7 28. Ra1 Bf5 29. Nd5 Nxd5 30. Bxd5 Bxb2 1/2-1/2

[Event "Leipzig VfB op 16th"]
[Site "Leipzig"]
[Date "2009.04.01"]
[Round "2"]
[White "Lobe, Sandra"]
[Black "Winnig, Bernd"]
[Result "0-1"]
[WhiteElo "1722"]
[BlackElo "2049"]
[PlyCount "116"]
[EventDate "2009.03.31"]
[EventType "swiss"]
[EventRounds "9"]
[EventCountry "GER"]
[SourceTitle "EXT 2010"]
[Source "ChessBase"]
[SourceDate "2010.11.25"]
[SourceVersion "1"]
[SourceVersionDate "2010.11.25"]
[SourceQuality "1"]

1. e4 e6 2. d3 d5 3. Nd2 Nf6 4. Ngf3 Be7 5. g3 c5 6. Bg2 Nc6 7. 0-0 dxe4 8. dxe4 e5 9. Qe2 0-0 10. Re1 Bg4 11. c3 Qc7 12. Nc4 Be6 13. Nh4 Rad8 14. f4 b5 15. Nxe5 Nxe5 16. fxe5 Bc4 17. exf6 Bxe2 18. fxe7 Qxe7 19. Rxe2 Rd1+ 20. Kf2 Qf6+ 21. Bf3 Rfd8 22. Re1 Rxe1 23. Kxe1 Re8 24. Be3 a6 25. Rd1 c4 26. Nf5 Qe6 27. Rd6 Qc8 28. Kf2 g6 29. Nh6+ Kg7 30. Ng4 f5 31. Bd4+ Kf8 32. exf5 gxf5 33. Ne5 Rxe5 34. Bxe5 Qc5+ 35. Rd4 Qxe5 36. Bb7 Qc7 37. Bxa6 Qc6 38. Bxb5 Qxb5 39. Rd2 Qb6+ 40. Kf3 Qc6+ 41. Ke2 Qg2+ 42. Kd1 Qg1+ 43. Kc2 Ke7 44. b3 Qa1 45. bxc4 Qxa2+ 46. Kd3 Qb1+ 47. Kd4 Qe4+ 48. Kc5 Qe3+ 49. Rd4 Qxc3 50. Rh4 Qe5+ 51. Kc6 Qf6+ 52. Kc7 Qxh4 53. gxh4 f4 54. c5 f3 55. c6 f2 56. Kb7 f1Q 57. c7 Qb5+ 58. Kc8 Kd6 0-1

[Event "GER-chT U20 Girls"]
[Site "Naunhof"]
[Date "2005.12.30"]
[Round "7.1"]
[White "Samorukova, Jana"]
[Black "Lobe, Sandra"]
[Result "1-0"]
[WhiteElo "1609"]
[BlackElo "1586"]
[PlyCount "109"]
[EventDate "2005.12.27"]
[EventType "team-swiss"]
[EventRounds "7"]
[EventCountry "GER"]
[SourceTitle "CBM 110 Extra"]
[Source "ChessBase"]
[SourceDate "2006.03.10"]
[SourceVersion "2"]
[SourceVersionDate "2006.03.10"]
[SourceQuality "1"]

1. d4 g6 2. e4 d6 3. Nf3 Bg7 4. Be2 Nf6 5. Nc3 0-0 6. 0-0 Nbd7 7. Bf4 Nh5 8. Be3 Nhf6 9. Qd2 Re8 10. Bh6 Bh8 11. Ng5 Nb6 12. h3 e6 13. Qe3 Qe7 14. f4 c5 15. dxc5 dxc5 16. e5 Nfd5 17. Nxd5 Nxd5 18. Qg3 f5 19. Kh2 Nb4 20. c3 Nc6 21. h4 Qc7 22. Nf3 Kf7 23. Rad1 Bg7 24. Bxg7 Kxg7 25. h5 Qe7 26. Rh1 Bd7 27. Nh4 Qf7 28. hxg6 hxg6 29. Qxg6+ Qxg6 30. Nxg6 Kxg6 31. Rxd7 Re7 32. Rhd1 Rae8 33. Bb5 Rxd7 34. Rxd7 Rh8+ 35. Kg3 Nd8 36. Bc4 a6 37. a4 a5 38. Re7 Rg8 39. Kf3 Rf8 40. Bxe6 Nxe6 41. Rxe6+ Kh5 42. Rf6 Rxf6 43. exf6 Kg6 44. f7 Kxf7 45. g4 fxg4+ 46. Kxg4 Kf6 47. f5 b6 48. Kf4 Kf7 49. Ke5 Ke7 50. f6+ Kf7 51. Kf5 Kf8 52. Ke6 Ke8 53. f7+ Kf8 54. c4 b5 55. axb5 1-0

[Event "GER-ch U25"]
[Site "Willingen"]
[Date "2005.05.21"]
[Round "9"]
[White "Lobe, Sandra"]
[Black "Tsoumanis, Konstantinos"]
[Result "0-1"]
[WhiteElo "1626"]
[BlackElo "1204"]
[PlyCount "52"]
[EventDate "2005.05.14"]
[EventType "swiss"]
[EventRounds "9"]
[EventCountry "GER"]
[SourceTitle "CBM 106 Extra"]
[Source "ChessBase"]
[SourceDate "2005.07.01"]
[SourceVersion "1"]
[SourceVersionDate "2005.07.01"]
[SourceQuality "1"]

1. e4 e5 2. Nf3 Nc6 3. Bb5 a6 4. Ba4 Nf6 5. 0-0 b5 6. Bb3 Bc5 7. d3 d6 8. h3 0-0 9. Bg5 h6 10. Bh4 Be6 11. Bxe6 fxe6 12. Re1 Qd7 13. c3 Bb6 14. d4 exd4 15. cxd4 Rae8 16. Bg3 Nh5 17. Bh2 Nf4 18. Qd2 Nxh3+ 19. gxh3 Rxf3 20. Bg3 Bxd4 21. Kg2 Ref8 22. Re2 Qf7 23. Na3 Qg6 24. Kh1 Qf6 25. e5 Qf5 26. Kg2 Rxa3 0-1

[Event "GER-ch U18 Girls"]
[Site "Willingen"]
[Date "2003.06.10"]
[Round "5"]
[White "Auburger, Kristin"]
[Black "Lobe, Sandra"]
[Result "1-0"]
[WhiteElo "1728"]
[BlackElo "1473"]
[PlyCount "135"]
[EventDate "2003.06.08"]
[EventType "swiss"]
[EventRounds "9"]
[EventCountry "GER"]
[SourceTitle "CBM 094 Extra"]
[Source "ChessBase"]
[SourceDate "2003.07.09"]
[SourceVersion "2"]
[SourceVersionDate "2003.07.09"]
[SourceQuality "1"]

1. d4 d6 2. e4 g6 3. Nf3 Bg7 4. Nc3 e6 5. Be3 Ne7 6. Qd2 0-0 7. Bd3 a6 8. 0-0 Nd7 9. Rfd1 b6 10. Rac1 Bb7 11. Be2 f5 12. Ng5 Qc8 13. Nxe6 Re8 14. Nxg7 Kxg7 15. Bh6+ Kh8 16. f3 fxe4 17. fxe4 Ng8 18. Bf3 Nxh6 19. Qxh6 Nf6 20. Re1 Qd7 21. Re2 Re7 22. Rce1 Rae8 23. Qd2 Kg7 24. e5 dxe5 25. Bxb7 exd4 26. Rxe7+ Rxe7 27. Rxe7+ Qxe7 28. Ne2 c5 29. Bxa6 Ng4 30. h3 Ne3 31. Nc1 Qf6 32. Qf2 Qg5 33. Nd3 Qe7 34. a3 Nd1 35. Qf3 Ne3 36. Qb7 Qxb7 37. Bxb7 Nxc2 38. Ba6 Ne3 39. Ne5 Kh6 40. Be2 Kg5 41. Nd7 c4 42. Ne5 b5 43. Nf3+ Kf4 44. Nxd4 b4 45. axb4 Nd5 46. Bxc4 Nxb4 47. b3 h6 48. Ne6+ Kf5 49. Kf2 h5 50. Nd4+ Kf6 51. Kg3 g5 52. Be2 Kg6 53. Bc4 Kf6 54. Nf3 Nc2 55. Kf2 Nb4 56. Ke2 Kf5 57. Bf7 h4 58. Ne1 g4 59. hxg4+ Kxg4 60. Be6+ Kg3 61. Bh3 Nc6 62. Kd3 Ne5+ 63. Kd4 Nc6+ 64. Kc5 Nd8 65. b4 Kh2 66. b5 Kh1 67. Nf3 Nc6 68. Nxh4 1-0